<El> español con juegos y actividades nivel intermedio inferior

Guardado en:
Detalles Bibliográficos
Autor principal: Dominguez, Pablo Rocío
Formato: Libro
Lenguaje:español
Publicado: Recanati ELI 2003
Materias:
Etiquetas: Agregar Etiqueta
Sin Etiquetas, Sea el primero en etiquetar este registro!

MARC

LEADER 00000nam a2200000 4500
001 0242645
005 20240226134051.3
020 |a 978-88-536-0005-9 
020 |a 978-88-536-0005-5 
041 0 |a spa 
044 |a IT 
245 1 0 |a <El> español con juegos y actividades  |b nivel intermedio inferior  |c Pablo Rocío Dominguez 
264 1 |a Recanati  |b ELI  |c 2003 
300 |a 96 s. 
610 2 0 |a jazykoveda 
610 2 0 |a terminológia 
610 2 0 |a gramatika 
610 2 0 |a jazyky cudzie 
610 2 0 |a španielčina 
100 1 |a Dominguez, Pablo Rocío